| 000 | 01356cam a22003014a 4500 | ||
|---|---|---|---|
| 001 | 000019876 | ||
| 005 | 20200929170156.0 | ||
| 008 | 000818s2000 ve b 000 0 spa | ||
| 010 | _a2001317519 | ||
| 020 | _a9803451952 | ||
| 035 | _a(BoCbEI)ei 000300731 | ||
| 040 |
_aDO-SdBNP _cDLC _dDLC |
||
| 042 | _apcc | ||
| 050 | 0 | 0 |
_aPQ7084 _b.H67 2000 |
| 245 | 0 | 0 |
_aHora zero : _bla ultima vanguardia latinoamericana de poesia / _c[seleccion, introduccion y notas] Tulio Mora. |
| 246 | 3 | _aHora 0 | |
| 250 | _a1ra. ed. | ||
| 260 |
_aLos Teques, Estado Miranda, Venezuela : _bAteneo de Los Teques, _c2000. |
||
| 300 |
_a127 p. ; _c22 cm. |
||
| 440 | 0 |
_aColeccion Ateneo de Los Teques ; _vno. 39 _942407 |
|
| 504 | _aIncludes bibliographical references (p. 121-127). | ||
| 505 | 0 | _aAndre Laude -- Jorge Pimentel -- Jorge Najar -- Juan Ramirez Ruiz -- Carmen Olle -- Tristan Cabral -- Tulio Mora -- Jose Cerna -- Cesar Gamarra -- Ricardo Ore -- Enrique Verastegui -- Roberto Bolano -- Pedro Damian -- Yulino Davila -- Mario Santiago Papasquiaro -- Bernardo Alvarez -- Angel Garrido Espinoza -- Bruno Montane Krebs -- Roxana Crisologo. | |
| 650 | 0 |
_aSpanish american poetry _y20th century. _942408 |
|
| 700 | 1 |
_aMora, Tulio, _d1948- _942409 |
|
| 710 | 2 |
_aMovimiento Hora Zero. _942410 |
|
| 910 | _aCatalogación derivada / LC | ||
| 082 | 0 | 0 |
_a861/.6408098 _221 |
| 999 |
_c19389 _d19389 |
||